Most Popular Breaking Bad Episodes - Statistics

General Stats
  • This quiz has been taken 123 times
  • The average score is 6 of 10
Answer Stats
Hint Answer % Correct
9,9⭐ Felina
94%
10⭐ Ozymandias
93%
9,9⭐ Face Off
77%
9,7⭐ Granite State
67%
9,7⭐ Full Measure
57%
9,7⭐ Crawl Space
53%
9,6⭐ Say My Name
50%
9,8⭐ To'hajiilee
43%
9,7⭐ Dead Freight
32%
9,6⭐ Gliding Over All
32%
No matching quizzes found
Score Distribution
Percent of People with Each Score
Percentile by Number Answered
Your Score History
You have not taken this quiz